000 00400nam a22001577a 4500
005 20231109144257.0
008 231109b |||||||| |||| 00| 0 eng d
041 _aEnglish
082 _a346.2 BUS
100 _lEnglish
245 _aBusiness Management
260 _c2009
300 _biv, 102 pages ;
_c30 cm.
650 _aLegal practice
_bLaw
942 _cBK
_6ALISON_BN_VRIES
999 _c495
_d495